00440 2200169 4500001002100000005001500021035002000036245006700056100001500123250001700138300002800155260002900183082000800212084001400220020002200234650001400256INLIS00000000000095620250319034130 a0010-03250000521 aPenuntun Fotografi :bDari Analog Hingga Digital /cTim Nuansa0 aTim Nuansa acetakan ke-1 a80 hlm :bilus ;c21 cm aBandung :bNuansa,c2007 a771 a771 TIM p a978-979-245-652-X 4aFotografi